aktive Bundesliga Rekordtorschützen - Statistiken

Allgemein
  • Dieses Quiz wurde 134 mal gespielt
  • Das Durchschnittsergebnis liegt bei 11 aus 20
Antwortstatistiken
Platz Tore Antwort % Korrekt
1 154 Marco Reus
95%
2 145 Thomas Müller
95%
4 81 Serge Gnabry
81%
13 50 Niclas Füllkrug
70%
20 41 Kingsley Coman
67%
3 106 Andrej Kramaric
65%
8 64 Julian Brandt
61%
14 49 Patrik Schick
59%
9 60 Mario Götze
58%
10 54 Vincenzo Grifo
56%
12 51 Jonas Hofmann
48%
17 45 Yussuf Poulsen
47%
7 64 Eric Maxim Choupo-Moting
46%
15 47 Alassane Plea
44%
6 64 Wout Weghorst
42%
18 45 Davie Selke
38%
11 53 Michael Gregoritsch
31%
5 79 Kevin Volland
29%
16 47 Patrick Herrmann
22%
19 44 Mark Uth
9%
Keine übereinstimmenden Quizze gefunden
Verteilung der Resultate
Anzahl Personen mit jedem Resultat
Perzentil nach korrekt beantworteten Fragen
Ihre Resultats-Entwicklung
Sie haben dieses Quiz noch nicht gespielt